Thực tế trong quản trị /

محفوظ في:
التفاصيل البيبلوغرافية
المؤلف الرئيسي: Phạm Cao Hoàn.
التنسيق: Sách giấy
اللغة:Vietnamese
منشور في: H. : Thanh niên, 2008.
الموضوعات:
الوسوم: إضافة وسم
لا توجد وسوم, كن أول من يضع وسما على هذه التسجيلة!
Thư viện lưu trữ: Thư viện Trường Đại học Đà Lạt
LEADER 00662nam a2200289 4500
001 DLU100114112
005 ##20101214
040 # # |a DLU  |b vie 
041 # # |a vie 
044 # # |a vn 
082 # # |a 658.4  |b PH-H 
100 # # |a Phạm Cao Hoàn. 
245 # # |a Thực tế trong quản trị /  |c Phạm Cao Hoàn. 
260 # # |a H. :  |b Thanh niên,  |c 2008. 
300 # # |a 160 tr. ;  |c 19 cm. 
653 # # |a Quản trị nhân sự 
923 # # |a 10/2010 
991 # # |a GT 
992 # # |a 25000 
994 # # |a DLU 
900 # # |a True 
911 # # |a Đào Thị Thu Huyền 
925 # # |a G 
926 # # |a A 
927 # # |a SH 
980 # # |a Thư viện Trường Đại học Đà Lạt